| 000 | 00604nam a2200229Ia 4500 | ||
|---|---|---|---|
| 003 | OSt | ||
| 005 | 20251212185324.0 | ||
| 008 | 210423s2010 xx 000 0 und d | ||
| 020 | _a978-0-19-924635-9 | ||
| 040 | _cAL | ||
| 041 | _aEnglish | ||
| 082 |
_a414 _bCATP |
||
| 100 |
_aCatford J C _982836 |
||
| 245 | _aPractical introduction to phonetics | ||
| 250 | _a2 | ||
| 260 |
_aNew York _bOxford University Press _c2010 |
||
| 300 |
_axiii,229P. _bPB _c24.5x17cm. |
||
| 365 |
_b2236.8 _cGBP |
||
| 650 |
_aLinguistics _982837 |
||
| 906 | _aintroduction ; phonetics ; Practical | ||
| 942 |
_2ddc _cBK |
||
| 999 |
_c169122 _d169122 |
||